[Event "Druzynowe Mistrzostwa Polski Juniorow - Ekstraliga"]
[Site "Sypniewo k. Jastrowia"]
[Date "2024-06-17"]
[Round "3.26"]
[White "Maslanka, Wojciech"]
[Black "Backiel, Hubert"]
[Result "1/2-1/2"]
[WhiteTitle "k"]
[BlackTitle "k"]
[WhiteElo "2103"]
[BlackElo "2200"]

1. e4 2. c5 3. Nf3 4. d6 5. d4 6. cxd4 7. Nxd4 8. Nf6 9. Nc3 10. a6 11. Rg1 12.
b5 13. g4 14. Bb7 15. Bg2 16. e6 17. g5 18. Nfd7 19. f4 20. Nc6 21. Be3 22. Rc8
23. f5 24. Nxd4 25. Qxd4 26. e5 27. Qd2 28. Nb6 29. Bxb6 30. Qxb6 31. O-O-O 32.
h6 33. h4 34. hxg5 35. hxg5 36. Rc4 37. Rh1 38. Rxh1 39. Rxh1 40. Qc5 41. g6 42.
f6 43. Kb1 44. b4 45. Nd5 46. Bxd5 47. Qxd5 48. Qxd5 49. exd5 50. Rf4 51. Rf1
52. Rxf1+ 53. Bxf1 54. a5 55. Kc1 56. Kd7 57. Kd2 58. Kc7 59. Kd3 60. Kb6 61.
Kc4 62. Be7 63. Bd3 1/2-1/2

[Event "Druzynowe Mistrzostwa Polski Juniorow - Ekstraliga"]
[Site "Sypniewo k. Jastrowia"]
[Date "2024-06-17"]
[Round "3.27"]
[White "Chiszko, Oskar"]
[Black "Brzezina, Piotr"]
[Result "1-0"]
[WhiteTitle "I"]
[BlackTitle "FM"]
[WhiteElo "2045"]
[BlackElo "2298"]

1. d4 2. Nf6 3. c4 4. e6 5. Nf3 6. b6 7. g3 8. Bb7 9. Bg2 10. Be7 11. O-O 12. O-O
13. Nc3 14. Ne4 15. Bd2 16. f5 17. Ne5 18. d6 19. Nd3 20. Bf6 21. Nf4 22. Nxc3
23. Bxc3 24. Bxg2 25. Kxg2 26. Qd7 27. d5 28. Bxc3 29. bxc3 30. e5 31. Ne6 32.
Rf6 33. f4 34. e4 35. g4 36. fxg4 37. e3 38. Na6 39. f5 40. Nc5 41. Qxg4 42. Qe7
43. Kh1 44. Kh8 45. Rg1 46. g6 47. Qh4 48. Rxe6 49. Qh3 50. gxf5 51. dxe6 52.
Qxe6 53. Raf1 54. Rf8 55. Qg2 56. Rg8 57. Qh3 58. Rf8 59. Rf2 60. Nd3 61. Rfg2
62. Qf7 63. Qh4 64. f4 65. exf4 66. Nxf4 67. Rf2 68. e3 69. Rf3 70. c5 71. Rg4
72. Re8 73. Rgxf4 74. Qg7 75. Rf7 76. e2 77. Rxg7 1-0

[Event "Druzynowe Mistrzostwa Polski Juniorow - Ekstraliga"]
[Site "Sypniewo k. Jastrowia"]
[Date "2024-06-17"]
[Round "3.28"]
[White "Brzezina, Pawel"]
[Black "Wojtacha, Krzysztof"]
[Result "1-0"]
[WhiteTitle "I"]
[BlackTitle "I"]
[WhiteElo "1955"]
[BlackElo "1826"]

1. d4 2. Nf6 3. c4 4. g6 5. Nc3 6. Bg7 7. e4 8. d6 9. Nge2 10. O-O 11. Ng3 12.
h5 13. Be2 14. a5 15. h4 16. Na6 17. Bg5 18. Qe8 19. Qd2 20. e5 21. d5 22. Ng4
23. f3 24. Nf6 25. O-O-O 26. Bd7 27. Bh6 28. Nc5 29. Kb1 30. a4 31. Bxg7 32. Kxg7
33. Qg5 34. Rh8 35. Nf1 36. Qd8 37. Qd2 38. Ra6 39. Ne3 40. Qa8 41. Nb5 42. Bxb5
43. cxb5 44. Ra7 45. b6 46. cxb6 47. Nf5+ 48. Kf8 49. Nxd6 50. Qd8 51. Nc4 52.
Ncd7 53. Qe3 54. Ra8 55. f4 56. exf4 57. Qxf4 58. Qe7 59. e5 60. b5 61. exf6 62.
Qxe2 63. Qd6+ 64. Kg8 65. Qxd7 66. Qxc4 67. Rhe1 68. Qc8 69. Qxc8+ 70. Rxc8 71.
Re7 72. g5 73. hxg5 74. h4 75. d6 76. Kh7 77. Rxf7+ 78. Kg6 79. Rg7+ 80. Kf5 81.
d7 82. Rcd8 83. f7 84. Ke6 85. Rg8 86. Ke7 87. Rxh8 88. Rxh8 89. d8=Q+ 1-0

[Event "Druzynowe Mistrzostwa Polski Juniorow - Ekstraliga"]
[Site "Sypniewo k. Jastrowia"]
[Date "2024-06-17"]
[Round "3.29"]
[White "Szczotka, Klara"]
[Black "Duda, Aleksandra"]
[Result "1-0"]
[WhiteTitle "k++"]
[BlackTitle "I++"]
[WhiteElo "2006"]
[BlackElo "1863"]

1. e4 2. e6 3. d4 4. d5 5. Nc3 6. Bb4 7. e5 8. c5 9. Bd2 10. cxd4 11. Nb5 12. Bc5
13. b4 14. a6 15. Qg4 16. Kf8 17. bxc5 18. axb5 19. Nf3 20. Qc7 21. Bxb5 22. Bd7
23. Bd3 24. Nc6 25. O-O 26. Nge7 27. Rfe1 28. Ng6 29. h4 30. Ngxe5 31. Nxe5 32.
Nxe5 33. Qg3 34. f6 35. Bf4 36. Be8 37. Bxe5 38. fxe5 39. Rxe5 40. Bf7 41. Rae1
42. Qd8 43. f4 44. g6 45. h5 46. Qf6 47. Rb1 48. Ra7 49. h6 50. Ke7 51. Rb6 52.
Rd8 53. f5 54. gxf5 55. Rxf5 56. Qg6 57. Qh4+ 58. Ke8 59. Rg5 60. Qf6 61. Rg8+
62. Ke7 63. Qxf6+ 1-0

[Event "Druzynowe Mistrzostwa Polski Juniorow - Ekstraliga"]
[Site "Sypniewo k. Jastrowia"]
[Date "2024-06-17"]
[Round "3.30"]
[White "Rusiecki, Katarzyna"]
[Black "Piekutowska, Lena"]
[Result "1-0"]
[WhiteTitle "I++"]
[BlackTitle "I"]
[WhiteElo "1744"]
[BlackElo "1634"]

1. d4 2. Nf6 3. c4 4. e6 5. Nf3 6. b6 7. Nbd2 8. Bb4 9. a3 10. Bxd2+ 11. Qxd2 12.
Bb7 13. b4 14. Ne4 15. Qc2 16. O-O 17. e3 18. d6 19. Bd3 20. f5 21. O-O 22. Nd7
23. Nd2 24. Nxd2 25. Bxd2 26. Qh4 27. f3 28. Rf6 29. Be1 30. Qg5 31. f4 32. Qg4
33. Bg3 34. Rff8 35. e4 36. Bxe4 37. Bxe4 38. fxe4 39. Qxe4 40. Nf6 41. Qf3 42.
Qxf3 43. Rxf3 44. Ne4 45. Re3 46. Nxg3 47. hxg3 48. Rf6 49. Rae1 50. Kf7 51. Kf2
52. Re8 53. Kf3 54. h5 55. Rh1 56. Rh6 57. Rh3 58. Kf6 59. g4 60. hxg4+ 61. Kxg4
62. Reh8 63. Rxh6+ 64. Rxh6 65. Re1 66. Rg6+ 67. Kf3 68. Rh6 69. a4 70. Rh5 71.
Rg1 c6 72. b5 73. c5 74. Rd1 75. Ke7 76. Kg4 77. Rf5 78. d5 79. Rf6 80. dxe6 81.
Rxe6 82. Kf3 83. Rh6 84. a5 85. Kd7 86. axb6 87. axb6 88. Ra1 89. Rh7 90. Ra7+
91. Kc8 92. Ke4 93. Kb8 94. Rf7 95. Kc8 96. Kd5 97. Rh5+ 98. Kc6 99. Kd8 100.
Kxd6 101. Rh6+ 102. Kd5 103. Rg6 104. f5 105. Rxg2 106. Kc6 107. Ke8 108. Rc7
109. g5 110. Rg7 111. g4 112. Kxb6 113. g3 114. Kxc5 1-0

[Event "Druzynowe Mistrzostwa Polski Juniorow - Ekstraliga"]
[Site "Sypniewo k. Jastrowia"]
[Date "2024-06-17"]
[Round "4.1"]
[White "Rog, Bartlomiej"]
[Black "Cieslak, Patryk"]
[Result "1/2-1/2"]
[WhiteTitle "k"]
[BlackTitle "FM"]
[WhiteElo "2179"]
[BlackElo "2358"]

1. Nf3 2. Nf6 3. c4 4. e6 5. g3 6. d5 7. Bg2 8. d4 9. e3 10. c5 11. exd4 12. cxd4
13. O-O 14. Nc6 15. d3 16. Bc5 17. Bg5 18. h6 19. Bxf6 20. gxf6 21. Na3 22. Kf8
23. Nc2 24. a5 25. a3 26. a4 27. Nd2 28. Bd7 29. b4 30. axb3 31. Nxb3 32. Ba7
33. a4 34. f5 35. a5 36. Rb8 37. Na3 38. Ra8 39. Nb5 40. Bb8 41. Re1 42. h5 43.
Nc5 44. h4 45. Nxb7 46. Qe7 47. f4 48. Ra6 49. c5 50. Qf6 51. N7d6 52. Rg8 53.
Qf3 54. Qg6 55. Nc4 56. hxg3 57. h3 58. Kg7 59. Nb6 60. Rd8 61. Nd6 62. Bxd6 63.
cxd6 64. Nxa5 65. Nxd7 66. Rxd7 67. Re5 68. Rda7 69. d7 70. Nc6 71. Rxa6 72. Rxa6
73. Rc5 74. Nd8 75. Rc8 76. Ra1+ 77. Bf1 78. Qf6 79. Qxg3+ 80. Kf8 81. Qg2 82.
Qh4 83. Qf3 84. Ke7 85. Rc4 86. Ra7 87. Rxd4 88. Rxd7 89. Rxd7+ 90. Kxd7 91. d4
1/2-1/2

[Event "Druzynowe Mistrzostwa Polski Juniorow - Ekstraliga"]
[Site "Sypniewo k. Jastrowia"]
[Date "2024-06-17"]
[Round "4.2"]
[White "Maslanka, Wojciech"]
[Black "Jablonski, Wojciech"]
[Result "1-0"]
[WhiteTitle "k"]
[BlackTitle "I"]
[WhiteElo "2103"]
[BlackElo "1960"]

1. e4 2. c5 3. Nf3 4. d6 5. d4 6. cxd4 7. Nxd4 8. Nf6 9. Nc3 10. a6 11. h3 12.
e6 13. g4 14. Be7 15. g5 16. Nfd7 17. Bg2 18. Nc6 19. h4 20. Qc7 21. Be3 22. Nce5
23. Qe2 24. b5 25. O-O-O 26. Nb6 27. h5 28. b4 29. Nb1 30. Bd7 31. b3 32. Rg8
33. f4 34. Nc6 35. g6 36. hxg6 37. hxg6 38. f6 39. Rh7 40. Nxd4 41. Bxd4 42. Rc8
43. Qf2 44. Na8 45. Bf1 46. Bb5 47. Bxb5+ 48. axb5 49. Rdh1 Kd7 50. f5 51. e5
52. Bb2 53. Qc6 54. Qe2 55. Nb6 56. Rd1 57. Kc7 58. a3 59. bxa3 60. Bxa3 61. Kb7
62. Bb4 63. Qe8 64. Bxd6 65. Rd8 66. Bxe7 67. Rxd1+ 68. Kxd1 69. Qxe7 70. Qxb5
71. Qd6+ 72. Kc1 73. Qd4 74. Qd3 75. Qg1+ 76. Kb2 77. Qc5 78. Nc3 79. Ra8 80.
Rxg7+ 81. Kc6 82. Nb5 1-0

[Event "Druzynowe Mistrzostwa Polski Juniorow - Ekstraliga"]
[Site "Sypniewo k. Jastrowia"]
[Date "2024-06-17"]
[Round "4.3"]
[White "Rozanski, Mateusz"]
[Black "Brzezina, Piotr"]
[Result "1/2-1/2"]
[WhiteTitle "I+"]
[BlackTitle "FM"]
[WhiteElo "2024"]
[BlackElo "2298"]

1. e4 2. c5 3. Nc3 4. d6 5. g3 6. Nc6 7. Bg2 8. g6 9. d3 10. Bg7 11. Be3 12. e6
13. Qd2 14. Nd4 15. Nge2 16. Ne7 17. Nd1 18. Nxe2 19. Qxe2 20. O-O 21. O-O 22.
Rb8 23. c3 24. b5 25. f4 26. b4 27. c4 28. Qb6 29. Rc1 30. Nc6 31. Bf2 32. Nd4
33. Qd2 34. Qa5 35. b3 36. Rb6 37. Kh1 38. Ra6 39. Bxd4 40. Bxd4 41. Rc2 42. Qd8
43. Ne3 44. Bd7 45. h4 46. f5 47. Qe2 48. Rb6 49. Rcc1 50. Qf6 51. Nc2 52. Bc3
53. Ne1 54. Rbb8 55. Nf3 56. fxe4 57. dxe4 58. e5 59. fxe5 60. Bxe5 61. Qe1 62.
Qe7 63. Rd1 64. Bc6 65. Nxe5 66. Qxe5 67. Qe3 68. Rbe8 69. Rxf8+ 70. Kxf8 71.
Re1 72. Kg7 73. Kh2 74. a5 1/2-1/2

[Event "Druzynowe Mistrzostwa Polski Juniorow - Ekstraliga"]
[Site "Sypniewo k. Jastrowia"]
[Date "2024-06-17"]
[Round "4.4"]
[White "Brzezina, Pawel"]
[Black "Koch, Maciej"]
[Result "1-0"]
[WhiteTitle "I"]
[BlackTitle "II"]
[WhiteElo "1955"]
[BlackElo "1630"]

1. d4 2. Nf6 3. c4 4. g6 5. Nc3 6. Bg7 7. e4 8. d6 9. Be2 10. O-O 11. Nf3 12. e5
13. O-O 14. Nc6 15. Be3 16. exd4 17. Nxd4 18. Ne5 19. f3 20. a6 21. Qd2 22. Ne8
23. Rad1 24. c5 25. Nc2 26. b6 27. Bg5 28. f6 29. Be3 30. Kh8 31. b3 32. Nf7 33.
f4 34. Nc7 35. Bf3 36. Bb7 37. h4 38. f5 39. exf5 40. Bxf3 41. Rxf3 42. gxf5 43.
Bf2 44. b5 45. Nd5 46. Ne6 47. Nde3 48. Qf6 49. Qd5 50. Nh6 51. Qc6 52. Ng4 53.
Rxd6 54. Rae8 55. g3 56. Qe7 57. Nxg4 58. fxg4 59. Re3 60. Qf6 61. Rdxe6 62. Rxe6
63. Qxe6 64. Qb2 65. Re2 66. Qxa2 67. cxb5 68. axb5 69. Bxc5 70. Rd8 71. Kf2 72.
Qb2 73. Qe8+ 74. Rxe8 75. Rxe8+ 76. Bf8 77. Bd4+ 1-0

[Event "Druzynowe Mistrzostwa Polski Juniorow - Ekstraliga"]
[Site "Sypniewo k. Jastrowia"]
[Date "2024-06-17"]
[Round "4.5"]
[White "Siekanska, Maria"]
[Black "Oborska, Magda"]
[Result "1-0"]
[WhiteTitle "WFM"]
[BlackTitle "I++"]
[WhiteElo "2204"]
[BlackElo "1772"]

1. d4 2. d5 3. c4 4. e6 5. Nf3 6. Nf6 7. g3 8. Be7 9. Bg2 10. O-O 11. O-O 12. dxc4
13. Nc3 14. a6 15. Ne5 16. Nd5 17. Nxc4 18. b5 19. Ne5 20. Bb7 21. Ne4 22. Nd7
23. Nd3 24. Rb8 25. Qc2 26. N5f6 27. Nxf6+ 28. Nxf6 29. Bxb7 30. Rxb7 31. Nc5
32. Bxc5 33. dxc5 34. Qd5 35. Rd1 36. Qe4 37. Qxe4 38. Nxe4 39. Be3 40. Rbb8 41.
c6 42. Nf6 43. Bc5 44. Rfd8 45. f3 46. h6 47. e4 48. Rbc8 49. Kf2 50. e5 51. Be7
52. Rxd1 53. Rxd1 54. Ne8 55. f4 56. exf4 57. gxf4 58. f6 59. Rd7 60. Rb8 61.
Ke3 62. Rb6 63. Kd4 64. Rxc6 65. Bc5 66. a5 67. Kd5 68. Ra6 69. Re7 70. Ra8 71.
Kc6 72. b4 73. e5 74. fxe5 75. fxe5 76. Kh7 77. Kd7 78. c6 79. Rxe8 80. Ra6 81.
e6 1-0

[Event "Druzynowe Mistrzostwa Polski Juniorow - Ekstraliga"]
[Site "Sypniewo k. Jastrowia"]
[Date "2024-06-17"]
[Round "4.6"]
[White "Rusiecki, Katarzyna"]
[Black "Mataczyna, Aleksandra"]
[Result "1-0"]
[WhiteTitle "I++"]
[BlackTitle "I"]
[WhiteElo "1744"]
[BlackElo "1723"]

1. d4 2. Nf6 3. c4 4. e6 5. Nf3 6. Bb4+ 7. Nbd2 8. d5 9. a3 10. Be7 11. g3 12.
Nbd7 13. Bg2 14. O-O 15. O-O 16. b6 17. b4 18. Bb7 19. Bb2 20. Rc8 21. c5 22.
a5 23. Qc2 24. c6 25. Rfc1 26. Ne8 27. Bh3 28. Ra8 29. Ne1 30. Nc7 31. Nd3 32.
Bg5 33. f4 34. Bh6 35. cxb6 36. Nb5 37. a4 38. Nd6 39. bxa5 40. Rxa5 41. Ba3 42.
Nxb6 43. Rab1 44. Nbc8 45. Rxb7 46. Nxb7 47. Bxf8 48. Qxf8 49. Qxc6 50. Ncd6 51.
Nc5 52. Nxc5 53. dxc5 54. Nc8 55. Nb3 56. Ne7 57. Qd7 58. e5 59. Nxa5 1-0

[Event "Druzynowe Mistrzostwa Polski Juniorow - Ekstraliga"]
[Site "Sypniewo k. Jastrowia"]
[Date "2024-06-17"]
[Round "4.7"]
[White "Demski, Michal"]
[Black "Karolczuk, Iwo"]
[Result "0-1"]
[WhiteTitle "k"]
[BlackTitle "FM"]
[WhiteElo "2176"]
[BlackElo "2293"]

1. Nf3 2. d5 3. c4 4. e6 5. e3 6. Nf6 7. b3 8. Bd6 9. Bb2 10. b6 11. Be2 12. Bb7
13. O-O 14. O-O 15. d4 16. Nbd7 17. Nbd2 18. Qe7 19. Ne5 20. c5 21. Ndf3 22. Rfd8
23. Ng5 24. Bxe5 25. dxe5 26. Ne8 27. f4 28. h6 29. Nh3 30. dxc4 31. Qc2 32. cxb3
33. axb3 34. f5 35. Bf3 36. Bxf3 37. Rxf3 38. Nf8 39. e4 40. Qf7 41. Re1 42. Nc7
43. Nf2 44. Rd7 45. Nd1 46. Rad8 47. Rf2 48. fxe4 49. Nc3 50. e3 51. Rxe3 52.
Nd5 53. Nxd5 54. Rxd5 55. g4 56. Ng6 57. f5 58. exf5 59. e6 60. Rd1+ 61. Rf1 62.
Rxf1+ 63. Kxf1 64. Qb7 65. Kg1 66. Nf4 67. Rg3 68. Qe4 69. Qxe4 70. fxe4 71. Re3
72. Nxe6 73. Rxe4 74. Rd1+ 0-1

[Event "Druzynowe Mistrzostwa Polski Juniorow - Ekstraliga"]
[Site "Sypniewo k. Jastrowia"]
[Date "2024-06-17"]
[Round "4.8"]
[White "Backiel, Hubert"]
[Black "Madej, Marek"]
[Result "0-1"]
[WhiteTitle "k"]
[BlackTitle "I++"]
[WhiteElo "2200"]
[BlackElo "2152"]

1. d4 2. Nf6 3. c4 4. e6 5. Nf3 6. c5 7. d5 8. exd5 9. cxd5 10. d6 11. Nc3 12.
g6 13. Nd2 14. Bg7 15. e4 16. O-O 17. Be2 18. Re8 19. O-O 20. Na6 21. Re1 22.
Nc7 23. a4 24. b6 25. f4 26. Rb8 27. Bf3 28. Ba6 29. Nb3 30. Bc4 31. Be3 32. a6
33. Nd2 34. Bd3 35. Bf2 36. c4 37. Na2 38. Nd7 39. Nb4 40. Bxb2 41. Ra2 42. Bc3
43. Nxd3 44. cxd3 45. Qb3 46. Bxd2 47. Rxd2 48. Nc5 49. Qa3 50. Qf6 51. g3 52.
a5 53. Rxd3 54. Nxd3 55. Qxd3 56. b5 57. Rc1 58. Na6 59. Bd4 60. Nb4 61. Qd2 62.
Qe7 63. axb5 64. Rxb5 65. f5 66. Qf8 67. Rc7 68. Na6 69. Ra7 70. Nc5 71. Bxc5
72. Rxc5 73. Rxa5 74. Rxa5 75. Qxa5 76. Qg7 77. Kg2 78. Rb8 79. h4 80. Qe5 81.
fxg6 82. hxg6 83. Qa3 84. Rb2+ 85. Kh3 86. Rc2 87. Qa8+ 88. Kg7 89. Qa7 90. Rc3
91. Kg4 92. Qh5+ 0-1

[Event "Druzynowe Mistrzostwa Polski Juniorow - Ekstraliga"]
[Site "Sypniewo k. Jastrowia"]
[Date "2024-06-17"]
[Round "4.9"]
[White "Perucki, Maciej"]
[Black "Chiszko, Oskar"]
[Result "0-1"]
[WhiteTitle "I"]
[BlackTitle "I"]
[WhiteElo "1878"]
[BlackElo "2045"]

1. d4 2. Nf6 3. c4 4. e6 5. Nf3 6. d5 7. Nc3 8. dxc4 9. e3 10. Bb4 11. Bxc4 12.
c5 13. O-O 14. O-O 15. Qc2 16. a6 17. dxc5 18. Bxc5 19. Rd1 20. Qe7 21. a3 22.
b5 23. Bd3 24. Bb7 25. Ne4 26. Nbd7 27. b4 28. Bb6 29. Nxf6+ 30. Nxf6 31. Bb2
32. Rac8 33. Qe2 34. Ne4 35. Rac1 36. f5 37. Be5 38. Bd5 39. Qb2 40. Qa7 41. Nd4
42. Rxc1 43. Rxc1 44. Qb7 45. f3 46. Ng5 47. Be2 48. h6 49. Kh1 50. Nh7 51. Nb3
52. Bc4 53. Bxc4 54. bxc4 55. Rxc4 56. Qd5 57. Rc1 58. Bxe3 59. Re1 60. Rd8 61.
h3 62. f4 63. Bc3 64. Ng5 65. Nc5 66. e5 67. Qc2 68. Qc4 69. h4 70. Ne6 71. Ne4
72. Nd4 73. Qb2 74. Qe6 75. Bxd4 76. exd4 77. Rd1 78. Qe7 79. g3 80. fxg3 81.
Nxg3 82. Qxh4+ 83. Qh2 84. Qf4 85. Qg2 86. Rd5 0-1

[Event "Druzynowe Mistrzostwa Polski Juniorow - Ekstraliga"]
[Site "Sypniewo k. Jastrowia"]
[Date "2024-06-17"]
[Round "4.10"]
[White "Wojtacha, Krzysztof"]
[Black "Ochedzan, Filip"]
[Result "0-1"]
[WhiteTitle "I"]
[BlackTitle "I"]
[WhiteElo "1826"]
[BlackElo "1899"]

1. e4 2. c5 3. Nf3 4. d6 5. d4 6. cxd4 7. Nxd4 8. Nf6 9. Nc3 10. Nc6 11. f3 12.
e5 13. Nb3 14. Be7 15. Be3 16. O-O 17. Qd2 18. Be6 19. O-O-O 20. a5 21. Bb5 22.
Nb4 23. a3 24. Qc7 25. Kb1 26. d5 27. exd5 28. Nbxd5 29. Nxd5 30. Nxd5 31. Bf2
32. Rfd8 33. Qe1 34. Bxa3 35. Bg3 36. Bd6 37. Qe4 38. a4 39. Rxd5 40. Bxd5 41.
Qxd5 42. axb3 43. cxb3 44. Qa5 45. Rc1 46. Bb4 47. Qxe5 48. Qa2+ 0-1

[Event "Druzynowe Mistrzostwa Polski Juniorow - Ekstraliga"]
[Site "Sypniewo k. Jastrowia"]
[Date "2024-06-17"]
[Round "4.11"]
[White "Starosta, Martyna"]
[Black "Szczotka, Klara"]
[Result "0-1"]
[WhiteTitle "WFM"]
[BlackTitle "k++"]
[WhiteElo "2268"]
[BlackElo "2006"]

1. e4 2. c6 3. d4 4. d5 5. f3 6. Qb6 7. Nc3 dxe4 8. Bc4 9. e5 10. dxe5 11. Bc5
12. Nxe4 13. Bxg1 14. Qe2 15. Bc5 16. Bxf7+ 17. Kxf7 18. Qc4+ 19. Ke8 20. Nxc5
21. Ne7 22. Bg5 23. h6 24. Bxe7 25. Kxe7 26. O-O-O 27. Na6 28. Nxa6 29. Qxa6 30.
Qh4+ 31. Kf7 32. Qh5+ 33. Ke7 34. Qh4+ 35. Kf7 36. Qh5+ 37. Ke7 38. Qg6 39. Rg8
40. Qd6+ 41. Kf7 42. Rd4 43. Re8 44. f4 45. Qxa2 46. Re1 47. Qe6 48. Qc7+ 49.
Qe7 50. e6+ 51. Bxe6 52. Qa5 53. Qf6 54. Rde4 55. b6 56. Qh5+ 57. Kf8 58. Qf3
59. Bd5 60. Qa3+ 61. c5 62. Rxe8+ 63. Rxe8 64. Rd1 65. Qxf4+ 66. Kb1 67. Qf7 68.
Qd3 69. Be4 70. Qb5 71. Kg8 72. Rd7 73. Qg6 74. Rxa7 75. Bxc2+ 76. Ka2 77. Bd3
78. Qa4 79. b5 0-1

[Event "Druzynowe Mistrzostwa Polski Juniorow - Ekstraliga"]
[Site "Sypniewo k. Jastrowia"]
[Date "2024-06-17"]
[Round "4.12"]
[White "Piekutowska, Lena"]
[Black "Smietanska, Wiktoria"]
[Result "0-1"]
[WhiteTitle "I"]
[BlackTitle "CM"]
[WhiteElo "1634"]
[BlackElo "2133"]

1. e4 2. c5 3. c3 4. d5 5. exd5 6. Qxd5 7. d4 8. Nc6 9. Nf3 10. Bg4 11. Be2 12.
cxd4 13. cxd4 14. e6 15. O-O 16. Nf6 17. Nc3 18. Qa5 19. Be3 20. Be7 21. Qb3 22.
Qb4 23. Qc2 24. O-O 25. Rfd1 26. Rac8 27. a3 28. Qa5 29. Rac1 30. Rfd8 31. Qb3
32. Qc7 33. Qa2 34. a6 35. h3 36. Bh5 37. d5 38. exd5 39. Nxd5 40. Nxd5 41. Rxd5
42. Bg6 43. Rxd8+ 44. Qxd8 45. Rd1 46. Qc7 47. Rc1 48. Qd8 49. Rd1 50. Qa5 51.
Rd7 52. Rc7 53. Rxc7 54. Qxc7 55. Qc4 56. Bd6 57. Bd3 58. b5 59. Qb3 60. Na5 61.
Qd1 62. Qd8 63. Kf1 64. Bxa3 65. bxa3 66. Bxd3+ 67. Kg1 68. Qd5 69. Qe1 70. Nc4
71. Bd4 72. Be4 73. a4 74. h6 75. Qd1 76. Nb2 77. Qd2 78. Nxa4 79. Qe3 80. Qe6
81. Ne5 82. Qd5 83. f3 84. Bf5 85. g4 86. Be6 87. f4 88. Qa2 89. Qc1 90. Bd5 91.
Nf3 92. Bxf3 0-1

[Event "Druzynowe Mistrzostwa Polski Juniorow - Ekstraliga"]
[Site "Sypniewo k. Jastrowia"]
[Date "2024-06-17"]
[Round "4.13"]
[White "Fiszer, Bartosz"]
[Black "Meers, Hubert"]
[Result "1-0"]
[WhiteTitle "CM"]
[BlackTitle "k"]
[WhiteElo "2275"]
[BlackElo "2304"]

1. e4 2. c6 3. Nf3 4. d5 5. d3 6. g6 7. e5 8. Bg7 9. d4 10. Bg4 11. Nbd2 12. c5
13. c3 14. Nc6 15. Be2 16. f6 17. exf6 18. Nxf6 19. Ne5 20. Bxe2 21. Qxe2 22.
cxd4 23. Nxc6 24. bxc6 25. cxd4 26. Qd6 27. O-O 28. O-O 29. Re1 30. Rfe8 31. Nb3
32. Nd7 33. Qe6+ 34. Qxe6 35. Rxe6 36. Rac8 37. Bg5 38. c5 39. dxc5 40. Nxc5 41.
Nxc5 42. Rxc5 43. Rd1 44. d4 45. Rxe7 46. Rxe7 47. Bxe7 48. Rc2 49. Ba3 50. Kf7
51. Kf1 52. Ke6 53. Ke1 54. Be5 55. Rd2 56. Rc1+ 57. Ke2 58. Kd5 59. b3 60. Rc6
61. Bb2 62. Ra6 63. Ba1 64. Rc6 65. Bb2 66. Ra6 67. a4 68. Rc6 69. Kd3 70. Rb6
71. Kc2 72. Ke4 73. Re2+ 74. Kd5 75. Rd2 76. Ke4 77. f3+ 78. Kd5 79. Rd3 80. Rc6+
81. Kb1 82. Bf6 83. Rd2 84. Re6 85. Ka2 86. Re3 87. b4 88. Be5 89. f4 90. Bf6
91. b5 92. Kc4 93. Rc2+ 94. Kd5 95. Rc7 96. Re7 97. Rxe7 98. Bxe7 99. Kb3 100.
d3 101. g4 102. Ke4 103. Bc1 104. Bc5 105. a5 106. Be3 107. b6 108. axb6 109.
a6 110. b5 111. f5 112. b4 113. f6 114. Bxc1 115. a7 116. d2 117. a8=Q+ 118. Kd3
119. Qf3+ 1-0

[Event "Druzynowe Mistrzostwa Polski Juniorow - Ekstraliga"]
[Site "Sypniewo k. Jastrowia"]
[Date "2024-06-17"]
[Round "4.14"]
[White "Zielonka, Adam"]
[Black "Bartodziej, Bartosz"]
[Result "1-0"]
[WhiteTitle "k"]
[BlackTitle "I++"]
[WhiteElo "2175"]
[BlackElo "2015"]

1. e4 2. c5 3. Nf3 4. d6 5. Bb5+ 6. Nd7 7. O-O 8. a6 9. Bd3 10. Ngf6 11. Re1 12.
e6 13. c3 14. b5 15. a4 16. c4 17. Bf1 18. Bb7 19. axb5 20. axb5 21. Rxa8 22.
Qxa8 23. Na3 24. Bc6 25. Nd4 26. Qa6 27. d3 28. Ne5 29. Nxc6 30. Qxc6 31. d4 32.
Ned7 33. d5 34. Qb7 35. dxe6 36. fxe6 37. b3 38. Be7 39. bxc4 40. O-O 41. g3 42.
Ne5 43. Nxb5 44. Nxe4 45. f4 46. Nd7 47. Nd4 48. e5 49. Bg2 50. Ndc5 51. Qc2 52.
exd4 53. cxd4 54. Qb3 55. Bxe4 56. Qb4 57. Bd2 1-0

[Event "Druzynowe Mistrzostwa Polski Juniorow - Ekstraliga"]
[Site "Sypniewo k. Jastrowia"]
[Date "2024-06-17"]
[Round "4.15"]
[White "Niezhentsev, Kyrylo"]
[Black "Kraczek, Cezary"]
[Result "0-1"]
[WhiteTitle "I++"]
[BlackTitle "I+"]
[WhiteElo "2140"]
[BlackElo "2032"]

1. e4 2. Nf6 3. e5 4. Nd5 5. d4 6. d6 7. Bc4 8. Nb6 9. Bb3 10. g6 11. Qf3 12. d5
13. Nc3 14. c6 15. Nge2 16. a5 17. a4 18. Na6 19. h4 20. h5 21. Nf4 22. Nc7 23.
Nce2 24. Bg4 25. Qg3 26. Qd7 27. Nd3 28. Bxe2 29. Kxe2 30. Ne6 31. c3 32. Bh6
33. Bc2 34. Bxc1 35. Rhxc1 36. Qc7 37. Kf1 38. Nd7 39. Nf4 40. Nxf4 41. Qxf4 42.
Nf8 43. Rab1 44. Ne6 45. Qg3 46. Rg8 47. f4 48. Kf8 49. Qf3 50. Ng7 51. f5 52.
gxf5 53. Bxf5 54. e6 55. Bd3 56. Qe7 57. g3 58. Nf5 59. Bxf5 60. exf5 61. Kf2
62. Qe6 63. b4 64. axb4 65. Rxb4 66. Rg4 67. Rg1 68. Qg6 69. Kg2 70. f4 71. Kh3
72. Qf5 73. Kh2 74. b5 75. axb5 76. fxg3+ 77. Rxg3 78. Ra2+ 79. Kh1 80. Rf4 81.
Qe3 82. Rf1+ 83. Rg1 84. Rxg1+ 85. Kxg1 86. Qg4+ 87. Kf1 88. Qd1+ 0-1

[Event "Druzynowe Mistrzostwa Polski Juniorow - Ekstraliga"]
[Site "Sypniewo k. Jastrowia"]
[Date "2024-06-17"]
[Round "4.16"]
[White "Korszanski, Stanislaw"]
[Black "Klim, Juliusz"]
[Result "1/2-1/2"]
[WhiteTitle "I+"]
[BlackTitle "I++"]
[WhiteElo "1904"]
[BlackElo "1882"]

1. e4 2. c5 3. Nf3 4. d6 5. d4 6. cxd4 7. Nxd4 8. Nf6 9. Nc3 10. a6 11. f3 12.
e5 13. Nb3 14. Be6 15. Be3 16. h5 17. Qd2 18. Nbd7 19. O-O-O 20. Be7 21. Be2 22.
b5 23. Nd5 24. Bxd5 25. exd5 26. Nb6 27. Na5 28. Nbxd5 29. Nc6 30. Qc7 31. Nxe7
32. Nxe3 33. Qxe3 34. Qxe7 35. Qb6 36. O-O 37. Qxd6 38. Qxd6 39. Rxd6 40. Rfc8
41. Rhd1 42. Kf8 43. Rb6 44. Ke7 45. Rdd6 46. Ne8 47. Rd5 48. f6 49. Bd3 50. Rcb8
51. Rc6 52. Rc8 53. Rdc5 54. Nd6 55. Rxc8 56. Rxc8 57. Rxc8 58. Nxc8 59. a4 60.
Nd6 61. axb5 62. axb5 63. Kd2 64. b4 65. c3 66. bxc3+ 67. Kxc3 68. Kd7 69. Kb4
70. Kc6 71. h4 72. f5 73. b3 1/2-1/2